| 000 | 00383 a2200169 4500 | ||
|---|---|---|---|
| 001 | 182517 | ||
| 020 | _a85-359-0866-8 | ||
| 040 | _cMagnum | ||
| 100 | _aRubião, Murilo | ||
| 240 | 1 | 0 |
_aA casa do girassol vermelho _lpor |
| 245 | 1 | 0 | _aA casa do girassol vermelho |
| 300 | _a99 | ||
| 362 | 0 | _a2006 | |
| 440 | 1 | _aCompanhia das Letras | |
| 697 | _aLITERATURA GERAL | ||
| 942 | _cBK | ||
| 999 |
_c182517 _d182517 |
||